Environmental auditing. (Record no. 99903)

MARC details
000 -LEADER
fixed length control field 00875cam a2200265 4500
008 - FIXED-LENGTH DATA ELEMENTS--GENERAL INFORMATION
fixed length control field 000000n2000 000 0 eng u
020 ## - INTERNATIONAL STANDARD BOOK NUMBER
International Standard Book Number 190255826X
035 ## - SYSTEM CONTROL NUMBER
System control number (Sirsi) u100890
041 ## - LANGUAGE CODE
Language code of text/sound track or separate title ENG
050 ## - LIBRARY OF CONGRESS CALL NUMBER
Classification number 333.72
100 ## - MAIN ENTRY--PERSONAL NAME
Personal name Humphrey, Neil
245 ## - TITLE STATEMENT
Title Environmental auditing.
260 ## - PUBLICATION, DISTRIBUTION, ETC.
Place of publication, distribution, etc. Isle of White
Name of publisher, distributor, etc. Palladian Law Publishing
Date of publication, distribution, etc. 2000
300 ## - PHYSICAL DESCRIPTION
Extent ix, 229p. ; 24cm.
520 ## - SUMMARY, ETC.
Summary, etc. This book is designed to assist both environmental auditors and mangers meet their objectives. It explains the process and techniques of auditing in relation to manufacturing and industrial processes.
650 ## - SUBJECT ADDED ENTRY--TOPICAL TERM
Topical term or geographic name entry element ENVIRONMENTAL LEGISLATION
650 ## - SUBJECT ADDED ENTRY--TOPICAL TERM
Topical term or geographic name entry element AUDITS
650 ## - SUBJECT ADDED ENTRY--TOPICAL TERM
Topical term or geographic name entry element POLLUTION
650 ## - SUBJECT ADDED ENTRY--TOPICAL TERM
Topical term or geographic name entry element CONTAMINATED LAND
650 ## - SUBJECT ADDED ENTRY--TOPICAL TERM
Topical term or geographic name entry element SITE REMEDIATION
690 ## - LOCAL SUBJECT ADDED ENTRY--TOPICAL TERM (OCLC, RLIN)
Topical term or geographic name as entry element ENVIRONMENT-AUDIT/ASSESSMENT
700 ## - ADDED ENTRY--PERSONAL NAME
Personal name Hadley, Mark
700 ## - ADDED ENTRY--PERSONAL NAME
Personal name Baxter, Martin
942 ## - ADDED ENTRY ELEMENTS (KOHA)
Suppress in OPAC 0
Holdings
Withdrawn status Lost status Source of classification or shelving scheme Damaged status Not for loan Home library Current library Shelving location Date acquired Total Checkouts Full call number Barcode Date last seen Date last checked out Copy number Price effective from Koha item type
    Dewey Decimal Classification     London London Books 04/05/2000 4 333.72 HUM 30061132 06/08/2019 20/05/2004 2 06/08/2019 Book